Art - Devinez les peintres #2 - Statistiques

Statistiques générales
  • Ce quiz a été pris 1 818 fois
  • Le résultat moyen est 8 sur 16
Statistiques - réponses
Par images Réponse % Correct
Gustav Klimt
88%
Claude Monet
87%
Edouard Manet
76%
René Magritte
68%
Vincent Van Gogh
67%
Raphaël
63%
Francisco de Goya
58%
Francisco de Goya
50%
Pablo Picasso
41%
Vincent Van Gogh
40%
Jérôme Bosch
39%
Diego Velázquez
36%
Rembrandt
32%
Grant Wood
27%
Jean-François Millet
27%
Hans Holbein le Jeune
7%
Aucun quiz correspondant
Distribution des résultats
% des personnes avec chaque résultat
Percentile par nombre de réponses
Votre historique - résultats
Vous n’avez pas pris ce quiz